| Tag |
First Indicator |
Second Indicator |
Subfields |
| LEADER |
00000cam a2200000 a 4500 |
| 001 |
in00001495721 |
| 005 |
20151021082155.0 |
| 008 |
980724s1998 enkb b 001 0 eng |
| 010 |
|
|
|a 98036815
|
| 015 |
|
|
|a GB99-1116
|
| 019 |
|
|
|a 40498145
|
| 020 |
|
|
|a 0582318610 (CSD)
|
| 020 |
|
|
|a 9780582318618 (CSD)
|
| 020 |
|
|
|a 0582318394 (pbk.)
|
| 020 |
|
|
|a 9780582318397 (pbk.)
|
| 035 |
|
|
|a (OCoLC)39695781
|
| 035 |
|
|
|9 AJJ4336AM
|
| 040 |
|
|
|a DLC
|c DLC
|d TXA
|d UtOrBLW
|
| 043 |
|
|
|a n-us---
|a e-uk---
|
| 049 |
|
|
|a TXAM
|
| 050 |
0 |
0 |
|a E249.3
|b .B69 1998
|
| 082 |
0 |
0 |
|a 973.3/1
|2 21
|
| 245 |
0 |
0 |
|a Britain and the American Revolution /
|c edited by H.T. Dickinson.
|
| 264 |
|
1 |
|a London ;
|a New York :
|b Longman,
|c 1998.
|
| 300 |
|
|
|a xii, 284 pages :
|b maps ;
|c 23 cm.
|
| 336 |
|
|
|a text
|b txt
|2 rdacontent
|
| 337 |
|
|
|a unmediated
|b n
|2 rdamedia
|
| 338 |
|
|
|a volume
|b nc
|2 rdacarrier
|
| 504 |
|
|
|a Includes bibliographical references (pages 258-265) and index.
|
| 651 |
|
0 |
|a United States
|x History
|y Revolution, 1775-1783
|x Foreign public opinion, British.
|
| 651 |
|
0 |
|a United States
|x History
|y Revolution, 1775-1783
|x Influence.
|
| 651 |
|
0 |
|a Great Britain
|x Colonies
|z America
|x Administration.
|
| 651 |
|
0 |
|a United States
|x Foreign relations
|z Great Britain.
|
| 651 |
|
0 |
|a Great Britain
|x Foreign relations
|z United States.
|
| 651 |
|
0 |
|a Great Britain
|x Politics and government
|y 1760-1789.
|
| 650 |
|
0 |
|a Public opinion
|z Great Britain
|x History
|y 18th century.
|
| 700 |
1 |
|
|a Dickinson, H. T.
|
| 856 |
4 |
2 |
|3 Book review (H-Net)
|u http://www.h-net.org/reviews/showrev.php?id=4707
|t 0
|
| 948 |
|
|
|a c:dm
|
| 949 |
|
|
|a updated-AC Qatar
|b h
|c 2009/5/4
|e agreen
|
| 999 |
|
|
|a MARS
|
| 999 |
f |
f |
|s 98812cb3-0a2a-34ba-b0f0-03cc536a4511
|i efdd7b47-2be0-318e-ada8-ec58e6d68d19
|t 0
|
| 952 |
f |
f |
|p normal
|a Texas A&M University
|b College Station
|c Sterling C. Evans Library
|d Evans: Library Stacks
|t 0
|e E249.3 .B69 1998
|h Library of Congress classification
|i unmediated -- volume
|m A14825147531
|
| 998 |
f |
f |
|a E249.3 .B69 1998
|t 0
|l Evans: Library Stacks
|